000 00670cam a22002293a 4500
001 38751
003 PGUSA
005 20140828083844.0
008 120202s2012||||xxu|||||s|||||000 | eng d
040 _aPGUSA
_beng
042 _adc
050 4 _aBX
245 1 4 _aThe Irish Ecclesiastical Record, Volume 1, November 1864
_h[electronic resource]
260 _bProject Gutenberg,
_c2012
506 _aPublic domain in the USA.
516 _aElectronic text
653 _aCatholic Church -- Ireland -- Periodicals
653 _aCatholic Church -- Periodicals
830 0 _aProject Gutenberg
_v38751
856 4 0 _uhttp://www.gutenberg.org/ebooks/38751
942 _cEB
999 _c268005
_d268005